| 000 | 00974nam a2200277Ia 4500 | ||
|---|---|---|---|
| 003 | OSt | ||
| 005 | 20220918171618.0 | ||
| 006 | a|||||r|||| 00| 0 | ||
| 007 | ta | ||
| 008 | 220917b |||||||| |||| 00| 0 eng d | ||
| 020 |
_a9783319750392 (hbk) _cEURO 109.99 |
||
| 024 | _a349,048 | ||
| 037 |
_b57038, 25/01/2019, Segment Book Distributors _cTextual |
||
| 040 |
_aARTS _cARTS _beng |
||
| 041 |
_2eng _aeng |
||
| 082 | _aR4, Q8 | ||
| 100 |
_aHandy Femida Au. _937676 |
||
| 245 | 0 |
_aEthics for special impact _b ethical decision-making in nonprofit organizations |
|
| 260 |
_aCham _bPalgrave Macmillan Switzerland _c2018 |
||
| 300 |
_axi,253p. _ccm. |
||
| 490 | _aEhthical decision - making in nonprofit organizations | ||
| 650 |
_aETHICS; PHILOSOPHY _914226 |
||
| 700 |
_a Russell Allison R. Au. _937677 |
||
| 942 |
_hR4, Q8 _cTEXL _2CC |
||
| 999 |
_c140398 _d140398 |
||